| 000 | 00790nam a2200253Ia 4500 | ||
|---|---|---|---|
| 003 | OSt | ||
| 005 | 20220926004734.0 | ||
| 006 | a|||||r|||| 00| 0 | ||
| 007 | ta | ||
| 008 | 220923b |||||||| |||| 00| 0 eng d | ||
| 020 |
_a8121923085 _c975 |
||
| 037 |
_b2893, 11/09/2007, RAJKIRAN BOOK AGENCY _cGeneral Book |
||
| 040 |
_aRTL _cRTL _beng |
||
| 041 |
_2eng _aeng |
||
| 082 | _aX:8, P3/TD | ||
| 100 |
_aLal Jawahar _9241555 |
||
| 245 | 0 |
_aAdvanced mangement accouinting _b Text and cases |
|
| 260 |
_a New Delhi _bS.Chand and Company _c2003 |
||
| 300 |
_axvii, Various pagination _ccm. |
||
| 500 | _aBibliography P1-3 | ||
| 650 | _aCommerce | ||
| 942 |
_hX:8, P3/TD _cGB _2CC |
||
| 999 |
_c612116 _d612116 |
||